[Event "London Classic Open 2016"]
[Site "London ENG"]
[Date "2016.12.10"]
[Round "3.103"]
[White "French, Max"]
[Black "Mohnblatt, Daniel"]
[Result "1-0"]
[WhiteElo "1962"]
[BlackElo "1769"]
[WhiteFideId "426652"]
[BlackFideId "648582"]
[EventDate "2016.12.09"]

1. d4 Nf6 2. c4 e6 3. Nc3 Bb4 4. Qb3 c5 5. dxc5 Bxc5 6. Nf3 Nc6 7. e3 d6 8. Be2
O-O 9. O-O a6 10. Rd1 Qc7 11. Qc2 Ne7 12. Ng5 h6 13. Nge4 Nxe4 14. Qxe4 f5 15.
Qh4 Ng6 16. Qg3 Ne5 17. e4 Ng4 18. Bxg4 fxg4 19. Be3 Bxe3 20. Qxe3 b6 21. Rd2
Bb7 22. Rad1 Rad8 23. Qg3 Qxc4 24. Qxg4 b5 25. Rd4 Qc8 26. a3 e5 27. Qxc8 Rxc8
28. Rxd6 Rc4 29. f3 b4 30. Na4 bxa3 31. Nb6 Rc2 32. bxa3 Ra2 33. Nc4 Rc8 34.
Rd8+ Rxd8 35. Rxd8+ Kh7 36. Na5 1-0

[Event "London Classic Open 2016"]
[Site "London ENG"]
[Date "2016.12.10"]
[Round "3.104"]
[White "Cotter, Len"]
[Black "Jones, Tibor"]
[Result "0-1"]
[WhiteElo "1758"]
[BlackElo "1946"]
[WhiteFideId "431419"]
[BlackFideId "2405288"]
[EventDate "2016.12.09"]

1. e4 c5 2. Nf3 d6 3. d4 cxd4 4. Nxd4 Nf6 5. Nc3 a6 6. Bg5 e6 7. f4 h6 8. Bh4
Qb6 9. Qd2 Qxb2 10. Rb1 Qa3 11. e5 dxe5 12. fxe5 Nd5 13. Nxd5 exd5 14. Be2 Qxa2
15. O-O Bc5 16. Kh1 Bxd4 17. Qxd4 Nc6 18. Qf4 Be6 19. Bh5 Rf8 20. Rxb7 Ra7 21.
Rxa7 Nxa7 22. Qb4 g5 23. Bf2 Nb5 24. Bc5 Rg8 25. Be2 Bd7 26. c4 Qxe2 27. Qb1
Qxc4 28. Rc1 Qe4 29. Qa1 Rg6 30. Bd6 Nxd6 31. exd6 Bb5 32. Re1 Be2 33. Qb2 Qc4
34. Rxe2+ Re6 35. Rxe6+ fxe6 36. Qb8+ Kd7 37. h3 Qc1+ 38. Kh2 Qf4+ 39. Kg1 Qxd6
40. Qb7+ Kd8 41. Qa8+ Ke7 42. Qa7+ Kf6 43. Qh7 Qc5+ 44. Kf1 Qc1+ 45. Ke2 Qc4+
46. Kf2 Qf4+ 47. Kg1 Ke5 48. Qxh6 d4 49. Qg7+ Qf6 50. Qc7+ Ke4 51. Qc6+ Ke3 52.
Qxa6 d3 53. Qb6+ Ke2 54. Qa6 Qf1+ 55. Kh2 Qf4+ 56. Kg1 Qe3+ 57. Kh2 Kf2 58. Qd6
Qf4+ 0-1

[Event "London Classic Open 2016"]
[Site "London ENG"]
[Date "2016.12.10"]
[Round "3.105"]
[White "Kalerwa, Edwin M"]
[Black "Nunbhakdi, Tawin Matthew"]
[Result "0-1"]
[WhiteElo "1756"]
[BlackElo "1923"]
[WhiteFideId "422223"]
[BlackFideId "6203310"]
[EventDate "2016.12.09"]

1. d4 Nf6 2. c4 e6 3. Nc3 Bb4 4. Qc2 Nc6 5. Nf3 d6 6. Bg5 h6 7. Bxf6 Qxf6 8. d5
exd5 9. cxd5 Bxc3+ 10. bxc3 Ne5 11. Rb1 Nxf3+ 12. gxf3 O-O 13. Rb4 c5 14. dxc6
bxc6 15. Qd2 Qg6 16. h4 c5 17. Rb2 Bf5 18. h5 Qe6 19. Rg1 Rab8 20. e4 Rxb2 21.
Qxb2 Qe5 22. Bc4 Be6 23. Be2 d5 24. Qd2 Rb8 25. Bd3 dxe4 26. fxe4 Qh2 27. Rg3
Qh1+ 28. Ke2 Qxh5+ 29. Kf1 Qh1+ 30. Ke2 Rd8 31. e5 Bc4 32. Qf4 Rxd3 33. Rxd3
Bxd3+ 34. Kxd3 Qd1+ 35. Qd2 Qxd2+ 36. Kxd2 Kf8 37. c4 Ke7 38. Ke3 Ke6 39. Ke4 g5
40. f3 h5 41. f4 gxf4 42. Kxf4 h4 43. Kg4 Kxe5 44. Kxh4 Kd4 45. Kg5 Kxc4 46. Kf6
Kd4 0-1

[Event "London Classic Open 2016"]
[Site "London ENG"]
[Date "2016.12.10"]
[Round "3.106"]
[White "Garcia Serrano, Jose M.2"]
[Black "Ainsworth, George"]
[Result "0-1"]
[WhiteElo "1913"]
[BlackElo "1711"]
[WhiteFideId "2285215"]
[BlackFideId "449636"]
[EventDate "2016.12.09"]

1. e4 c6 2. Nc3 d5 3. Nf3 dxe4 4. Nxe4 Nd7 5. Bc4 e6 6. O-O Ngf6 7. Qe2 Nxe4 8.
Qxe4 Nf6 9. Qe2 Be7 10. d4 O-O 11. Bb3 Qc7 12. c4 h6 13. Ne5 Re8 14. Bf4 Bd6 15.
Qf3 Qe7 16. Rfe1 c5 17. d5 Qc7 18. Ba4 Re7 19. Re2 exd5 20. Rae1 b6 21. Nd7 Rxe2
22. Nxf6+ gxf6 23. Qxe2 Bxf4 24. Qe8+ Kg7 25. Re7 Be6 26. Rxc7 Rxe8 27. Rxa7 Rd8
28. g3 Bd2 29. cxd5 Bxd5 30. b3 Bf3 0-1

[Event "London Classic Open 2016"]
[Site "London ENG"]
[Date "2016.12.10"]
[Round "3.107"]
[White "Tirado Parra, Alberto"]
[Black "Bratteteig, Tore-Inge"]
[Result "1-0"]
[WhiteElo "1908"]
[BlackElo "1698"]
[WhiteFideId "2265354"]
[BlackFideId "1510711"]
[EventDate "2016.12.09"]

1. f4 d5 2. Nf3 c5 3. e3 Nf6 4. b3 g6 5. Bb2 Bg7 6. Bb5+ Bd7 7. Bxd7+ Nbxd7 8.
O-O O-O 9. d3 Qb6 10. Qe2 Rad8 11. Nbd2 Qc6 12. e4 dxe4 13. dxe4 e6 14. a4 a6
15. a5 Rfe8 16. Ne5 Nxe5 17. fxe5 Nd7 18. Nc4 Qc7 19. Qf3 Rf8 20. Qg3 Qb8 21.
Rad1 Qc7 22. Rd6 Nb8 23. Rfd1 Nc6 24. Qg5 Rfe8 25. R1d3 Bf8 26. Qf6 Be7 27. Qf2
Nxa5 28. Ne3 Nc6 29. Ng4 Bf8 30. Nf6+ Kg7 31. Nxe8+ Rxe8 32. Rd7 1-0

[Event "London Classic Open 2016"]
[Site "London ENG"]
[Date "2016.12.10"]
[Round "3.108"]
[White "Kretov, Ivan"]
[Black "Cohen, Ronnie"]
[Result "0-1"]
[WhiteElo "1674"]
[BlackElo "1903"]
[WhiteFideId "24194484"]
[BlackFideId "412082"]
[EventDate "2016.12.09"]

1. d4 Nf6 2. c4 b6 3. Nc3 Bb7 4. e3 e6 5. Nf3 Be7 6. Bd3 O-O 7. O-O d5 8. b3
Nbd7 9. Bb2 Ne4 10. cxd5 exd5 11. Qe2 a6 12. Qc2 f5 13. Rfc1 Rc8 14. Qe2 b5 15.
Rc2 c5 16. dxc5 Bxc5 17. Rd1 Ndf6 18. Rdc1 Qb6 19. Bxe4 dxe4 20. Nd4 Nd7 21.
Nxf5 Rxf5 22. Qg4 Qg6 23. Qxg6 hxg6 24. Ne2 Rd5 25. b4 Bf8 26. Rxc8 Bxc8 27. Nf4
Rd2 28. Bd4 Nf6 29. Nxg6 Be6 30. Bc5 Bxc5 31. bxc5 Kf7 32. Ne5+ Ke8 33. c6 Rxa2
34. c7 Bc8 35. Nc6 Rd2 36. h3 Nd5 37. Ne5 Nb4 38. Rc5 Rc2 39. Rxc2 Nxc2 40. Kf1
Ke7 41. Ke2 Kd6 42. Nf7+ Kxc7 43. Ng5 Kb6 44. Kd2 Nb4 45. g4 Bb7 46. Ne6 Nd3 47.
Ke2 g6 48. f3 Nc1+ 0-1

[Event "London Classic Open 2016"]
[Site "London ENG"]
[Date "2016.12.10"]
[Round "3.109"]
[White "Levene, Joseph"]
[Black "Dror, Levi"]
[Result "1-0"]
[WhiteElo "1895"]
[BlackElo "1698"]
[WhiteFideId "423599"]
[BlackFideId "2809583"]
[EventDate "2016.12.09"]

1. e4 e6 2. d4 d5 3. exd5 exd5 4. Nf3 Bd6 5. c4 dxc4 6. Bxc4 Nf6 7. O-O O-O 8.
Bg5 Bg4 9. Nc3 Nbd7 10. Qd3 c6 11. Rfe1 Qc7 12. h3 Bh5 13. Rac1 h6 14. Bxf6 Nxf6
15. g4 Qd7 16. gxh5 Qxh3 17. Ne5 Qxh5 18. Qf3 Qh4 19. Rcd1 Bxe5 20. dxe5 Ng4 21.
Qg3 Qh5 22. f3 1-0

[Event "London Classic Open 2016"]
[Site "London ENG"]
[Date "2016.12.10"]
[Round "3.110"]
[White "Ratnesan, Ranesh"]
[Black "Balaji, Aaravamudhan"]
[Result "1-0"]
[WhiteElo "1875"]
[BlackElo "1634"]
[WhiteFideId "439339"]
[BlackFideId "436224"]
[EventDate "2016.12.09"]

1. d4 Nf6 2. c4 g6 3. Nc3 Bg7 4. Nf3 O-O 5. g3 d6 6. Bg2 Nbd7 7. O-O e5 8. e4
exd4 9. Nxd4 Ne5 10. Qe2 Nfd7 11. Rd1 Nc5 12. h3 Ne6 13. Nc2 a6 14. Be3 Nd7 15.
Rac1 Re8 16. Na1 Nec5 17. b4 Ne6 18. Nb3 Bxc3 19. Rxc3 Qf6 20. Rc2 Ne5 21. f4
Nc6 22. a3 Ng7 23. c5 Be6 24. Nd4 dxc5 25. Nxc6 bxc6 26. e5 Qd8 27. Rxd8 Rexd8
28. Rxc5 Nf5 29. Bf2 Ne7 30. Kh2 Rd7 31. Rxc6 Rad8 32. Rc2 Nf5 33. Qxa6 Nd4 34.
Bxd4 Rxd4 35. Qe2 Bb3 36. Rb2 Bc4 37. Qf2 Bb5 38. Qc2 Rc4 39. Qb3 Rc1 40. Rc2
Ra1 41. Rxc7 Bd7 42. Qd3 1-0

[Event "London Classic Open 2016"]
[Site "London ENG"]
[Date "2016.12.10"]
[Round "3.112"]
[White "Bellaiche, Anthony"]
[Black "Hovhannisyan, Robert"]
[Result "0-1"]
[WhiteTitle "IM"]
[BlackTitle "GM"]
[WhiteElo "2472"]
[BlackElo "2630"]
[WhiteFideId "615668"]
[BlackFideId "13302507"]
[EventDate "2016.12.09"]

1. d4 Nf6 2. c4 e6 3. Nc3 Bb4 4. e3 b6 5. Bd3 Bb7 6. Nf3 Bxc3+ 7. bxc3 c5 8. O-O
O-O 9. Nd2 d6 10. e4 Nc6 11. Nf3 cxd4 12. cxd4 Nb4 13. Bb1 h6 14. d5 e5 15. a3
Na6 16. a4 Nc5 17. Nd2 Bc8 18. Ra3 Qe7 19. Rg3 h5 20. h3 h4 21. Ra3 g6 22. Re1
Nh5 23. Nf3 Bd7 24. Bg5 f6 25. Bh6 Rfc8 26. Nxh4 Qh7 27. Bc1 Nf4 28. Bxf4 exf4
29. Nf3 Qh6 30. Nd4 Kg7 31. Bc2 Re8 32. Qd2 Re5 33. Nc6 Rg5 34. g4 f3 0-1

[Event "London Classic Open 2016"]
[Site "London ENG"]
[Date "2016.12.10"]
[Round "3.113"]
[White "Moussard, Jules"]
[Black "Battaglini, Gabriel"]
[Result "1/2-1/2"]
[WhiteTitle "GM"]
[BlackTitle "IM"]
[WhiteElo "2571"]
[BlackElo "2426"]
[WhiteFideId "642908"]
[BlackFideId "621650"]
[EventDate "2016.12.09"]

1. Nf3 Nf6 2. g3 d5 3. Bg2 c6 4. O-O Bf5 5. c4 e6 6. cxd5 exd5 7. d3 h6 8. Nc3
Be7 9. e4 dxe4 10. dxe4 Qxd1 11. Rxd1 Nxe4 12. Nd4 Nxc3 13. bxc3 Bg6 14. Re1 Kf8
15. a4 a5 16. Ra2 Nd7 17. Rae2 Bf6 18. Nxc6 bxc6 19. Bxc6 Rd8 20. Bxd7 Kg8 21.
Re8+ Kh7 22. Rxh8+ Kxh8 23. Re8+ Rxe8 24. Bxe8 Bxc3 25. Ba3 Kg8 26. Bb5 Bb4 27.
Bb2 Kf8 28. Kf1 f6 29. Ke2 Ke7 30. g4 h5 31. f3 hxg4 32. fxg4 Bc2 33. h4 Kf7 34.
Bd4 Bb3 35. Bb6 Be6 36. Kf3 Bd5+ 37. Ke3 Be6 38. g5 fxg5 39. hxg5 Bb3 40. Bd8
Be7 41. g6+ Kf6 42. Bxa5 Kxg6 43. Bb6 Bxa4 44. Bxa4 Kh7 45. Ke4 Kh8 46. Kf5 Bf6
47. Kg6 Ba1 48. Bb3 Bd4 1/2-1/2

[Event "London Classic Open 2016"]
[Site "London ENG"]
[Date "2016.12.10"]
[Round "3.114"]
[White "Fernandez Aransay, Fernando"]
[Black "Leko, Ian E"]
[Result "1-0"]
[WhiteElo "1862"]
[BlackElo "1588"]
[WhiteFideId "2216280"]
[BlackFideId "452173"]
[EventDate "2016.12.09"]

1. e4 c5 2. Nf3 d6 3. d4 cxd4 4. Nxd4 Nf6 5. Nc3 a6 6. Bc4 e6 7. Bb3 Be7 8. f4
O-O 9. Qf3 Nc6 10. Be3 Qc7 11. O-O Rd8 12. Rae1 Nxd4 13. Bxd4 e5 14. Be3 b5 15.
Nd5 Nxd5 16. exd5 Bf6 17. c3 Bb7 18. Bc2 exf4 19. Qe4 g6 20. Rxf4 Bg5 21. Bd4
Qd7 22. Rff1 Re8 23. Qf3 Rxe1 24. Rxe1 Re8 25. Rf1 Qe7 26. Kh1 Bh6 27. a4 Bg7
28. Bxg7 Kxg7 29. axb5 Qe2 30. Qxf7+ Kh8 31. Bd3 Qxd3 32. Qxe8+ Kg7 33. Qf8# 1-0

[Event "London Classic Open 2016"]
[Site "London ENG"]
[Date "2016.12.10"]
[Round "3.115"]
[White "Alderson, John K A"]
[Black "Thatte, Nishchal"]
[Result "0-1"]
[WhiteElo "1839"]
[BlackElo "1495"]
[WhiteFideId "422711"]
[BlackFideId "447234"]
[EventDate "2016.12.09"]

1. c4 e5 2. Nc3 Nf6 3. g3 c6 4. Bg2 d5 5. d4 e4 6. Bg5 Be6 7. cxd5 cxd5 8. Qb3
Nbd7 9. Nh3 h6 10. Bxf6 Nxf6 11. Nf4 Be7 12. Qb5+ Qd7 13. Qxd7+ Kxd7 14. O-O g5
15. Nxe6 fxe6 16. f3 e3 17. Nd1 Bb4 18. Nxe3 Bd2 19. Kf2 Rhf8 20. Rfd1 Ne4+ 21.
Kf1 Bxe3 22. Rd3 Nd2+ 23. Ke1 Nc4 24. b3 Bd2+ 25. Kf1 Ne3+ 26. Kf2 Nc2 27. Rd1
Ba5 28. Rc1 Nb4 29. Rd2 Rac8 30. Rxc8 Rxc8 31. a3 Nc6 32. Rd3 Bb6 33. e3 Rf8 34.
Ke2 Kd6 35. b4 a6 36. Rd2 h5 37. Rd1 Na7 38. a4 a5 39. b5 Rc8 40. Kd3 Rc4 41.
Ra1 Nc8 42. Bf1 Rc7 43. Be2 Ne7 44. Kd2 e5 45. dxe5+ Kxe5 46. f4+ gxf4 47. exf4+
Ke4 48. Bxh5 Be3+ 49. Kd1 d4 50. f5 Nxf5 51. Bg6 Ke5 52. g4 Nd6 53. Ke2 Ne4 54.
Rf1 Rc2+ 55. Ke1 Rc1+ 56. Ke2 Nc3+ 0-1

[Event "London Classic Open 2016"]
[Site "London ENG"]
[Date "2016.12.11"]
[Round "4.1"]
[White "Shabalov, Alexander"]
[Black "Safarli, Eltaj"]
[Result "1-0"]
[WhiteTitle "GM"]
[BlackTitle "GM"]
[WhiteElo "2563"]
[BlackElo "2691"]
[WhiteFideId "2008572"]
[BlackFideId "13402129"]
[EventDate "2016.12.09"]

1. d4 Nf6 2. c4 e6 3. Nc3 Bb4 4. e3 O-O 5. Bd3 c5 6. Nf3 d5 7. O-O Nc6 8. a3
Bxc3 9. bxc3 dxc4 10. Bxc4 Qc7 11. Bb2 b6 12. Qe2 Bb7 13. Ba2 Na5 14. Ne5 Rac8
15. Rac1 Nd7 16. Nf3 Nf6 17. Rfd1 Bc6 18. c4 Ba4 19. Rd3 cxd4 20. exd4 b5 21. c5
Nd5 22. Ng5 Nc4 23. Rf3 Nf4 24. Qe4 Ng6 25. Bc3 Rcd8 26. h4 Qe7 27. Re1 Rd5 28.
Bb1 Nxa3 29. Bd3 f5 30. Qe2 Nxh4 31. Rg3 Rf6 32. Qa2 f4 33. Rg4 Nc4 34. Bxh7+
Kf8 35. Be4 Rxg5 36. Rxg5 Rh6 37. Rg4 g5 38. Qe2 Qf6 39. g3 f3 40. Qd3 Ng2 41.
Ra1 Nge3 42. d5 e5 43. fxe3 f2+ 44. Kg2 Bc2 45. Qe2 Bxe4+ 46. Rxe4 Qf5 47. Rxc4
bxc4 48. g4 Qh7 49. Bxe5 Ke8 50. e4 1-0

[Event "London Classic Open 2016"]
[Site "London ENG"]
[Date "2016.12.11"]
[Round "4.2"]
[White "Ehlvest, Jaan"]
[Black "Fressinet, Laurent"]
[Result "1/2-1/2"]
[WhiteTitle "GM"]
[BlackTitle "GM"]
[WhiteElo "2532"]
[BlackElo "2672"]
[WhiteFideId "4500016"]
[BlackFideId "608742"]
[EventDate "2016.12.09"]

1. d4 Nf6 2. Nf3 d5 3. c4 e6 4. e3 a6 5. b3 c5 6. Be2 cxd4 7. exd4 Be7 8. O-O
O-O 9. Bb2 b6 10. Bd3 Bb7 11. Re1 Nc6 12. Nbd2 Re8 13. Rc1 Rc8 14. a3 a5 15. Qe2
Bf8 16. h3 g6 17. Qe3 Bg7 18. Red1 Ne7 19. g4 a4 20. Ne5 axb3 21. c5 bxc5 22.
dxc5 d4 23. Bxd4 Nc6 24. Nxb3 Nd5 25. Qe1 Qh4 26. Bf1 Nf4 27. Rc3 Nxd4 28. Rxd4
Qg5 29. Re3 Bd5 30. Rb4 Bxb3 31. Rbxb3 Rxc5 32. Nd3 Nxd3 33. Rexd3 h5 34. Rb4
hxg4 35. hxg4 Rec8 36. Qe3 Qh4 37. Qg3 Qxg3+ 38. Rxg3 Bf8 39. Rb7 R8c7 1/2-1/2

[Event "London Classic Open 2016"]
[Site "London ENG"]
[Date "2016.12.11"]
[Round "4.3"]
[White "Smirin, Ilia"]
[Black "Schroeder, Jan-Christian"]
[Result "1/2-1/2"]
[WhiteTitle "GM"]
[BlackTitle "GM"]
[WhiteElo "2669"]
[BlackElo "2541"]
[WhiteFideId "2801990"]
[BlackFideId "24662259"]
[EventDate "2016.12.09"]

1. e4 e5 2. Nf3 Nc6 3. Bb5 Nf6 4. d3 Bc5 5. c3 O-O 6. O-O d6 7. h3 Ne7 8. d4 Bb6
9. Nbd2 Ng6 10. Re1 c6 11. Bf1 Re8 12. a4 d5 13. dxe5 Nxe4 14. Nxe4 dxe4 15.
Qxd8 Rxd8 16. Rxe4 Rd1 17. Re1 Rxe1 18. Nxe1 Nxe5 19. Bf4 Ng6 20. Bd6 a5 21. Nf3 1/2-1/2

[Event "London Classic Open 2016"]
[Site "London ENG"]
[Date "2016.12.11"]
[Round "4.4"]
[White "Hovhannisyan, Robert"]
[Black "Karthikeyan, Murali"]
[Result "1/2-1/2"]
[WhiteTitle "GM"]
[BlackTitle "GM"]
[WhiteElo "2630"]
[BlackElo "2530"]
[WhiteFideId "13302507"]
[BlackFideId "5074452"]
[EventDate "2016.12.09"]

1. e4 e5 2. Nf3 Nc6 3. Bb5 a6 4. Ba4 Nf6 5. O-O Be7 6. Re1 b5 7. Bb3 d6 8. c3
O-O 9. h3 Nb8 10. d4 Nbd7 11. Nbd2 Bb7 12. Bc2 Re8 13. a4 c5 14. b3 exd4 15.
cxd4 Bf8 16. Bb2 cxd4 17. axb5 axb5 18. Nxd4 Nc5 19. Rxa8 Bxa8 20. Nxb5 Nfxe4
21. Nxe4 Nxe4 22. f3 Ng5 23. Nd4 Re5 24. h4 Nh3+ 25. gxh3 Qxh4 26. Re2 Qg3+ 27.
Kh1 Rh5 28. Rh2 Re5 29. Bc3 Re3 30. Rg2 Rxf3 31. Rxg3 Rxg3+ 32. Kh2 Rg2+ 33. Kh1
Rg3+ 34. Kh2 Rg2+ 35. Kh1 Rxc2+ 36. Kg1 Rxc3 37. Qa1 Rc8 38. Qa6 Rc1+ 39. Kf2
Be4 40. b4 g6 41. b5 Rc4 42. Nc6 Rc2+ 43. Ke1 d5 44. Qa8 Kg7 45. Qa1+ Kg8 46.
Qa8 Kg7 47. Qa1+ Kg8 1/2-1/2

[Event "London Classic Open 2016"]
[Site "London ENG"]
[Date "2016.12.11"]
[Round "4.5"]
[White "Handke, Florian"]
[Black "Aravindh, Chithambaram VR."]
[Result "0-1"]
[WhiteTitle "GM"]
[BlackTitle "GM"]
[WhiteElo "2515"]
[BlackElo "2566"]
[WhiteFideId "4634527"]
[BlackFideId "5072786"]
[EventDate "2016.12.09"]

1. e4 c5 2. Nf3 d6 3. d4 cxd4 4. Nxd4 Nf6 5. Nc3 a6 6. h3 e5 7. Nde2 h5 8. Bg5
Be6 9. Bxf6 Qxf6 10. Nd5 Qd8 11. Qd3 g6 12. O-O-O Bh6+ 13. Kb1 O-O 14. g3 Nd7
15. Nec3 b5 16. a3 Nb6 17. h4 Rc8 18. Bh3 Nxd5 19. Nxd5 Rc5 20. Nc3 Rc6 21. f4
Bc4 22. Qf3 exf4 23. gxf4 Qf6 24. e5 dxe5 25. f5 e4 26. Nxe4 Qe5 27. Rhe1 Bg7
28. c3 Bb3 29. Rd2 b4 30. cxb4 Bc2+ 31. Rxc2 Rxc2 32. Nc3 Rxb2+ 33. Kxb2 Qxe1
34. f6 Bh6 35. Bf1 Rc8 36. Bxa6 Bc1+ 37. Kb3 Qe6+ 0-1

[Event "London Classic Open 2016"]
[Site "London ENG"]
[Date "2016.12.11"]
[Round "4.6"]
[White "Bogner, Sebastian"]
[Black "Hector, Jonny"]
[Result "1-0"]
[WhiteTitle "GM"]
[BlackTitle "GM"]
[WhiteElo "2564"]
[BlackElo "2488"]
[WhiteFideId "4692055"]
[BlackFideId "1700090"]
[EventDate "2016.12.09"]

1. d4 d5 2. c4 c6 3. Nf3 Nf6 4. e3 Bf5 5. Nc3 e6 6. Nh4 Be4 7. f3 Bg6 8. Qb3 Qb6
9. Nxg6 hxg6 10. g3 Be7 11. Bd2 Nbd7 12. O-O-O Qxb3 13. axb3 a6 14. Be2 O-O-O
15. h4 Ne8 16. cxd5 exd5 17. e4 Ndf6 18. e5 Nd7 19. f4 Nc7 20. Be3 Nf8 21. h5
gxh5 22. Rxh5 Rxh5 23. Bxh5 g6 24. Bg4+ Nfe6 25. Rh1 Rf8 26. Kd2 Kd8 27. Ne2
Bb4+ 28. Kd3 Ke7 29. Rh7 Rg8 30. Bh3 c5 31. Bxe6 Nxe6 32. g4 cxd4 33. Nxd4 Nf8
34. Rh1 Nd7 35. Nf3 Bc5 36. Bd2 Bb6 37. Bb4+ Bc5 38. Be1 Nf8 39. Bh4+ Kd7 40.
Be1 Ne6 41. Bd2 Bb6 42. b4 Bf2 43. f5 gxf5 44. gxf5 Nd8 45. Rh6 Rg3 46. Ke2 Ba7
47. Rd6+ Ke8 48. Rxd5 Nc6 49. f6 Rg4 50. Ng5 Nd4+ 51. Kd3 Rg3+ 52. Ke4 Rg4+ 53.
Kd3 Rg3+ 54. Ke4 Rg4+ 55. Bf4 Ne2 56. Nh3 Rh4 57. Rd3 Nd4 58. Ng5 Ne2 59. Nh3
Nd4 60. Ng5 Ne2 61. Rf3 Bb6 62. b3 Ba7 63. e6 fxe6 64. Nxe6 Nxf4 65. Rxf4 Rxf4+
66. Kxf4 Bb8+ 67. Kf5 Bd6 68. b5 axb5 69. Nd4 b4 70. Ke6 Bc5 71. Nf5 Kd8 72. Ne7
b6 73. Ng6 Kc7 74. f7 Kd8 75. f8=Q+ Bxf8 76. Nxf8 Kc7 77. Kd5 1-0

[Event "London Classic Open 2016"]
[Site "London ENG"]
[Date "2016.12.11"]
[Round "4.7"]
[White "Bacrot, Etienne"]
[Black "Deepan, Chakkravarthy J."]
[Result "1-0"]
[WhiteTitle "GM"]
[BlackTitle "GM"]
[WhiteElo "2689"]
[BlackElo "2471"]
[WhiteFideId "605506"]
[BlackFideId "5011132"]
[EventDate "2016.12.09"]

1. e4 e5 2. Nf3 Nc6 3. Bb5 a6 4. Ba4 Nf6 5. d3 b5 6. Bb3 Be7 7. O-O d6 8. a3 O-O
9. Nc3 Na5 10. Ba2 Be6 11. b4 Bxa2 12. Rxa2 Nc6 13. Bg5 Nd7 14. Bd2 Rb8 15. Nd5
Nf6 16. a4 Nxd5 17. exd5 Nd4 18. axb5 axb5 19. Nxd4 exd4 20. Qg4 Bf6 21. Re1 Qc8
22. Qxc8 Rfxc8 23. g4 h6 24. Ra6 Kf8 25. Kg2 Ra8 26. Ra5 Rab8 27. Kf3 Rb7 28.
Bf4 g5 29. Bg3 Kg7 30. Ra6 Kg6 31. h3 h5 32. Kg2 Rd8 33. Rea1 h4 34. Bh2 Re8 35.
Ra7 Rxa7 36. Rxa7 Be5 37. Bxe5 Rxe5 38. Rxc7 f5 39. gxf5+ Rxf5 40. Re7 Rxd5 41.
Re4 Kf6 42. f4 gxf4 43. Rxf4+ Kg5 44. Rg4+ Kh5 45. Kh1 Re5 46. Rxd4 d5 47. Kg2
Rg5+ 48. Kf2 Rg3 49. Rxd5+ Kg6 50. Rxb5 Rxh3 51. Rc5 1-0

[Event "London Classic Open 2016"]
[Site "London ENG"]
[Date "2016.12.11"]
[Round "4.8"]
[White "Iturrizaga Bonelli, Eduardo"]
[Black "Elsness, Frode"]
[Result "1/2-1/2"]
[WhiteTitle "GM"]
[BlackTitle "IM"]
[WhiteElo "2652"]
[BlackElo "2452"]
[WhiteFideId "3901211"]
[BlackFideId "1501100"]
[EventDate "2016.12.09"]

1. c4 Nf6 2. Nc3 e6 3. Nf3 d5 4. d4 dxc4 5. e3 a6 6. a4 c5 7. Bxc4 Nc6 8. O-O
Be7 9. dxc5 Qxd1 10. Rxd1 Bxc5 11. Nd2 O-O 12. Nb3 Bb4 13. Bd2 b6 14. f3 Bb7 15.
e4 Rfc8 16. Be2 Ne5 17. Be1 Ned7 18. Kf1 a5 19. Nd4 Nc5 20. Bf2 Ba6 21. Ndb5 Nb3
22. Rab1 Bc5 23. Bxc5 Nxc5 24. Rd6 Ne8 25. Rd4 Nb3 26. Rd7 Nc5 27. Rd4 Nb3 28.
Rdd1 Rd8 29. Ke1 Kf8 30. Bc4 Nc5 31. Na3 Ke7 32. Rxd8 Rxd8 33. Bxa6 Nxa6 34. Nc4
Rc8 35. Na3 1/2-1/2

[Event "London Classic Open 2016"]
[Site "London ENG"]
[Date "2016.12.11"]
[Round "4.9"]
[White "Bartholomew, John"]
[Black "Melkumyan, Hrant"]
[Result "1/2-1/2"]
[WhiteTitle "IM"]
[BlackTitle "GM"]
[WhiteElo "2448"]
[BlackElo "2633"]
[WhiteFideId "2019353"]
[BlackFideId "13302485"]
[EventDate "2016.12.09"]

1. d4 Nf6 2. c4 g6 3. Nc3 Bg7 4. e4 O-O 5. Be2 d6 6. Bg5 c5 7. d5 e6 8. dxe6
Bxe6 9. Nf3 Nc6 10. h3 Qb6 11. b3 Nd7 12. Rc1 Nd4 13. Nxd4 cxd4 14. Na4 Qc6 15.
O-O Ne5 16. Bd3 h6 17. Bh4 Rae8 18. Bb1 g5 19. Bg3 Ng6 20. f3 Be5 21. Bf2 Nf4
22. Nb2 Qd7 23. Nd3 Bxh3 24. Nxf4 gxf4 25. Bxd4 Kh7 26. Bxe5 dxe5 27. Qxd7 Bxd7
28. c5 Rg8 29. Rf2 h5 30. Bd3 h4 31. Bc4 Rg7 32. Kf1 Reg8 33. Rd1 Bc6 34. Ke2
Kh6 35. Rd6+ Rg6 36. Bxf7 Rxd6 37. Bxg8 Bb5+ 38. Ke1 Rd3 39. Bd5 Rc3 40. Bxb7
Rxc5 41. Kd2 a5 42. a4 Rc7 43. Bd5 Ba6 44. Kd1 Kg5 45. Rb2 Rc3 46. Be6 Rc6 47.
Bh3 Kf6 48. b4 axb4 49. Rxb4 Ke7 50. a5 Rc5 51. Rb6 Rxa5 52. Rg6 Bc4 53. Kd2 Ra3
54. Kc2 Bf7 55. Rh6 Bc4 56. Rg6 Re3 57. Kd2 Rb3 58. Kc2 Rb5 59. Kc3 Ba2 60. Rh6
Rb3+ 61. Kc2 Re3 62. Rxh4 Kd6 63. Rh8 Bc4 64. Rc8 Bf7 65. Kd2 Ra3 66. Ke1 Ra1+
67. Kf2 Bb3 68. Rc3 Bf7 69. Bg4 Rb1 70. Bf5 Ra1 71. Bh3 Bg8 72. Rc2 Ra2 73. Rxa2
Bxa2 74. Bf5 Bc4 1/2-1/2

[Event "London Classic Open 2016"]
[Site "London ENG"]
[Date "2016.12.11"]
[Round "4.10"]
[White "Arkell, Keith C"]
[Black "Maze, Sebastien"]
[Result "1-0"]
[WhiteTitle "GM"]
[BlackTitle "GM"]
[WhiteElo "2447"]
[BlackElo "2608"]
[WhiteFideId "400270"]
[BlackFideId "613762"]
[EventDate "2016.12.09"]

1. Nf3 Nf6 2. c4 g6 3. Nc3 Bg7 4. g3 d6 5. d4 O-O 6. Bg2 Nbd7 7. O-O e5 8. e4
exd4 9. Nxd4 Re8 10. h3 a6 11. Re1 Rb8 12. a4 a5 13. Ndb5 Nc5 14. Bf4 Nh5 15.
Be3 b6 16. Rb1 Be6 17. Nd4 Qd7 18. Nxe6 Rxe6 19. Qc2 Rbe8 20. Rbd1 Bxc3 21. Qxc3
Qxa4 22. g4 Nf6 23. Bh6 Qb4 24. Qd4 Nb3 25. Qd3 Nd7 26. Re3 a4 27. f4 Ndc5 28.
Qe2 Na5 29. Rc1 Ncb3 30. Rcc3 Nd4 31. Qd1 c5 32. f5 gxf5 33. gxf5 Rxh6 34. Qg4+
Rg6 35. fxg6 hxg6 36. e5 Rxe5 37. Rxe5 dxe5 38. Bd5 Kg7 39. Qd7 Ne2+ 40. Kf2
Nxc3 41. Qxf7+ Kh6 42. Qf8+ Kg5 43. h4+ 1-0